| 000 | 00604nam a2200157 4500 | ||
|---|---|---|---|
| 999 |
_c16060 _d16060 |
||
| 008 | 210407b ||||| |||| 00| 0 eng d | ||
| 022 | _a0732-8435 | ||
| 082 | _aDPer 657.05 C33 Sept-Dec 2011 v. 81 n. 9-12 | ||
| 100 |
_aKapp, Linda A. _943049 |
||
| 245 |
_aProtecting small businesses from fraud: _bsimple controls can reduce opportunities/ _cLinda A. Kapp and Gordon Heslop. |
||
| 260 |
_aNew York: _bThe New York State Society of CPA, _c©2011. |
||
| 300 |
_av81 n10, pages 62-67: _bcolor illustrations; _c28 cm. |
||
| 650 |
_aFraud. _938417 |
||
| 700 |
_aHeslop, G. _eAuthor. _943050 |
||
| 942 |
_2ddc _cPER |
||